000 01034nam a2200289Ia 4500
001 B4458
003 IT-RoPAU
008 130308s9999 xx 000 0 und d
040 _aIT-RoPAU
040 _cIT-RoPAU
041 _aINGLESE
100 _aKellner Douglas
100 _gCodice Aut. SPICS: 36047
245 _aTelevision, the crisis of Democracy and the Persian Gulf War
245 _bMedia, crisis And Democracy-Mass Communication And The Disruption Of Social Order
250 _a1a ed.
260 _aLONDON
260 _bSage Publications B.H.
260 _c1992 [1° Ed.:1992 - Ed.Ling.Originale:1992]
300 _a"19 p. (prefazione: no ; testo: 19 [pagine: 44-62])"
500 _aTelevisione, Crisi della Democrazia e Guerra del Golfo Persico. Televisione Usa Incorporata nella Struttura del Potere. Televisione e Democrazia. Media Battono I Tamburi di Guerra. Media propaganda di Guerra.
650 _aSOCIOLOGIA
650 _eCodice materia Spics: 3651
942 _cBK
957 _71
999 _c79112
_d79112
999 _g1